000 00664nam a22002057a 4500
005 20150427124340.0
010 _aENG-112302
020 _a9781138796065
_c750.00
035 _aEN-95834
037 _bDBAD/PUB
082 _a355.020954
245 _aArmed conflicts in South Asia 2013 :
_btransitions /
_cedited by D. Suba Chandran [and] P.R. Chari
260 _aNew Delhi
_bRoutledge
_c2014
270 _a912,Tolstoy House, 15-17 Tolstoy Marg, Connaught Place
_bNew Delhi
_e110001
300 _axii,250p.
_c22cm(hb)
500 _aIncludes index
700 _aSuba Chandran, D.
700 _aChari, P.R.
942 _2ddc
_cEN
_mARM
_h355.020954
999 _c91960
_d91960